[Event "Spring Knockout 2008"]
[Site "SchemingMind.com"]
[Date "2008.03.29"]
[Round "-"]
[White "esteves101"]
[Black "z"]
[Result "1-0"]
[WhiteCountry "PHI"]
[BlackCountry "IRQ"]
[WhiteElo "2040"]
[WhiteRD "67"]
[BlackElo "1825"]
[BlackRD "51"]
[GameID "147456"]

1. e4 a6 2. Nc3 b5 3. a3 e5 4. Be2 Bc5 5. Nf3 d6 6. d4 exd4 7. Nxd4 Qf6 8. Nd5 Qxd4 9. Nxc7+ Kd8 10. Qxd4 Bxd4
11. Nxa8 Bb7 12. a4 b4 13. Bg5+ Kc8 14. Bg4+ Nd7 15. O-O-O Bc5 16. Nb6+ Bxb6 17. Rxd6 Nf6 18. Bxf6 gxf6 19. Rxb6 Bxe4 20. Rxb4 Kc7
21. Rxe4
1-0

[Event "Spring Knockout 2008"]
[Site "SchemingMind.com"]
[Date "2008.03.29"]
[Round "-"]
[White "z"]
[Black "esteves101"]
[Result "0-1"]
[WhiteCountry "IRQ"]
[BlackCountry "PHI"]
[WhiteElo "1782"]
[WhiteRD "54"]
[BlackElo "2081"]
[BlackRD "62"]
[GameID "147461"]

1. b4 e5 2. Bb2 Bxb4 3. Bxe5 Nf6 4. a3 Be7 5. Nf3 Nc6 6. Bb2 d5 7. e3 O-O 8. Be2 Bd6 9. h3 Re8 10. O-O Bf5
11. d3 Qe7 12. Nbd2 b5 13. Re1 Rab8 14. Qc1 a5 15. c4 dxc4 16. dxc4 bxc4 17. Nxc4 Bc5 18. Nfe5 Nxe5 19. Bxe5 a4 20. Bh2 Be4
21. Nd2 Bf5 22. Bf3 Red8 23. Qc3 Nd5 24. Bxd5 Rxd5 25. e4 Bd4 26. Qxc7 Bxf2+ 27. Kxf2 Rxd2+ 28. Kg1 Rbb2 29. Bd6 Rxg2+ 30. Kh1 Rh2+
31. Bxh2 Bxe4+ 32. Kg1 Rg2+ 33. Kf1 Qf6+
0-1

[Event "Spring Knockout 2008"]
[Site "SchemingMind.com"]
[Date "2008.03.28"]
[Round "-"]
[White "SLAINTIE MHATH"]
[Black "maro"]
[Result "1-0"]
[WhiteCountry "POL"]
[BlackCountry "MEX"]
[WhiteElo "1608"]
[WhiteRD "49"]
[BlackElo "1315"]
[BlackRD "70"]
[GameID "147879"]

1. e4 e5 2. Bb5 c6 3. Bc4 b5 4. Bb3 Nf6 5. Qf3 Be7 6. d3 Qa5+ 7. Bd2 b4 8. Bg5 h6 9. Bxf6 Bxf6 10. Qh5 g6
11. Qf3 d5 12. Qxf6 Rg8 13. Qxe5+ Be6 14. exd5 Nd7 15. Qe3 cxd5 16. Nf3 Nc5 17. O-O Ke7 18. Bxd5 b3 19. cxb3 Qb5 20. Nc3 Qd7
21. Qxc5+ Kf6 22. Ne4+ Kg7 23. Qd4+ Kf8 24. Nf6 Qd8 25. Nxg8 Kxg8 26. Bxe6 fxe6 27. Qxd8+ Rxd8 28. Rad1
1-0

[Event "Spring Knockout 2008"]
[Site "SchemingMind.com"]
[Date "2008.04.05"]
[Round "-"]
[White "Efren ramos"]
[Black "fredster50"]
[Result "1-0"]
[WhiteCountry "NCA"]
[BlackCountry "GBR"]
[WhiteElo "1910"]
[WhiteRD "82"]
[BlackElo "1447"]
[BlackRD "176"]
[GameID "148731"]

1. d4 Nf6 2. c4 c5 3. d5 b5 4. cxb5 a6 5. f3 e6 6. e4 exd5 7. e5 Qe7 8. Qe2 Ng8 9. Nc3 d4 10. Nd5 Qe6
11. Nc7+
1-0

[Event "Spring Knockout 2008"]
[Site "SchemingMind.com"]
[Date "2008.04.04"]
[Round "-"]
[White "fredster50"]
[Black "Efren ramos"]
[Result "0-1"]
[WhiteCountry "GBR"]
[BlackCountry "NCA"]
[WhiteElo "1447"]
[WhiteRD "176"]
[BlackElo "1910"]
[BlackRD "82"]
[GameID "148738"]

1. d4 Nf6 2. Nf3 d5 3. c4 c6 4. Nc3 dxc4 5. a4 Bf5 6. e3 e6 7. Bxc4 Bb4 8. Qe2 Ne4 9. Bd2 Nxd2 10. Nxd2 Bg6
11. e4 O-O 12. f4 Qxd4
0-1

[Event "Spring Knockout 2008"]
[Site "SchemingMind.com"]
[Date "2008.04.05"]
[Round "-"]
[White "chesshub"]
[Black "Chess_Man01"]
[Result "1/2-1/2"]
[WhiteCountry "FRA"]
[BlackCountry "GBR"]
[WhiteElo "2436"]
[WhiteRD "69"]
[BlackElo "2277"]
[BlackRD "63"]
[GameID "149084"]

1. e4 c6 2. d4 d5 3. Nc3 dxe4 4. Nxe4 Bf5 5. Ng3 Bg6 6. h4 h6 7. Nf3 Nd7 8. h5 Bh7 9. Bd3 Bxd3 10. Qxd3 e6
11. Be3 Ngf6 12. O-O-O Qa5 13. Kb1 Bd6 14. Bd2 Qb6 15. c4 Qa6 16. Qe2 Bxg3= 17. fxg3 b5 18. c5 O-O-O 19. Ne1 Nd5 20. Nd3 b4
21. Rde1 Qb7 22. Qf3 Qb5 23. Nxb4 Nxb4 24. Bxb4 Nf6= 25. Bc3 Nd5 26. Ka1 Rd7 27. Bd2 Re8 28. b3 Nc7 29. Rh4 Red8 30. a4 Qa6
31. Bc3 Nd5= 32. Ka2 Re8 33. Bd2 Rg8 34. g4 Re8 35. Re5 f6 36. Re4 Nc7 37. Bc3 Nd5 38. Rh1 Rde7 39. Rc1 Kb8 40. Rce1 Qb7
41. Bd2 a6 42. Kb2 Ka7 43. Qg3 Qd7= 44. R1e2 Qb7 45. Re1 Qd7 46. Ba5 Qc8 47. R1e2 Ka8 48. Be1=
1/2-1/2

[Event "Spring Knockout 2008"]
[Site "SchemingMind.com"]
[Date "2008.04.04"]
[Round "-"]
[White "bodek77"]
[Black "ZwaartePaard"]
[Result "0-1"]
[WhiteCountry "POL"]
[BlackCountry "INT"]
[WhiteElo "1900"]
[WhiteRD "76"]
[BlackElo "2241"]
[BlackRD "273"]
[GameID "149085"]

1. e4 d6 2. d4 Nf6 3. Nc3 g6 4. Nf3 Bg7 5. d5 c6 6. dxc6 Nxc6 7. Bb5 a6 8. Bxc6+ bxc6 9. O-O e5 10. Bg5 O-O
11. Qd2 Qc7 12. Rad1 Rd8 13. Nxe5 h6 14. Bxf6 Bxf6 15. Nc4 Bg4 16. f3 Be6 17. b3 d5 18. Nb2 dxe4 19. Qe3 Qe5 20. Nca4 Qd4
21. Qxd4 Bxd4+ 22. Kh1 exf3 23. gxf3 Bh3 24. Rfe1 Bf2 25. Re2 Rxd1+ 26. Nxd1 Bd4 27. Rd2 Re8 28. Ne3 Rxe3 29. Rd1 Re2 30. Rg1 Bg2+
0-1

[Event "Spring Knockout 2008"]
[Site "SchemingMind.com"]
[Date "2008.04.07"]
[Round "-"]
[White "Chess_Man01"]
[Black "chesshub"]
[Result "0-1"]
[WhiteCountry "GBR"]
[BlackCountry "FRA"]
[WhiteElo "2277"]
[WhiteRD "63"]
[BlackElo "2436"]
[BlackRD "69"]
[GameID "149089"]

1. d4 Nf6 2. c4 e6 3. Nf3 b6 4. g3 Ba6 5. b3 Bb4+ 6. Bd2 Be7 7. Bg2 O-O 8. O-O d5 9. cxd5 exd5 10. Nc3 Bb7
11. Rc1 Nbd7 12. Bf4 c6 13. Ne5 Re8 14. e4 Nf8 15. exd5 cxd5 16. Bh3 Ba3 17. Rc2 a6 18. Bg5 Ne6 19. Bh4 h6 20. Nb1 Bf8
21. f4= Rc8 22. Rxc8 Qxc8 23. Bxf6 gxf6 24. Ng4 Qd8 25. Kh1 a5 26. Nc3 Kg7 27. Bg2 Bb4 28. Qd3 Nc7 29. Rg1= Qc8 30. f5 h5
31. Nf2 Ba6 32. Qf3 Bxc3 33. Qxc3 Nb5 34. Qd2 Qc3 35. Qxc3 Nxc3 36. Nh3 Ne2 37. Rd1 Rc8 38. Nf4= Nxf4 39. gxf4 Be2 40. Re1 Bg4
41. Kg1 Bxf5 42. Kf2 Be6 43. Ke3 a4 44. Kd2 axb3 45. axb3 Kg6 46. Rg1 Kf5 47. Rf1 Rc7 48. Kd3= Kg4 49. Bf3+ Kh4 50. Kd2 Rd7
51. Ra1 Bg4 52. Bg2 Bf5 53. Ra6 Rd6 54. Ke3 Re6+ 55. Kd2 Be4 56. Bxe4 Rxe4 57. Kd3 Kh3
0-1

[Event "Spring Knockout 2008"]
[Site "SchemingMind.com"]
[Date "2008.04.06"]
[Round "-"]
[White "ZwaartePaard"]
[Black "bodek77"]
[Result "1-0"]
[WhiteCountry "INT"]
[BlackCountry "POL"]
[WhiteElo "2305"]
[WhiteRD "228"]
[BlackElo "1934"]
[BlackRD "71"]
[GameID "149090"]

1. f4 Nf6 2. Nf3 e6 3. e3 d5 4. d4 c5 5. c3 c4 6. Be2 g6 7. O-O Bg7 8. b3 b5 9. a4 Bd7 10. Ne5 O-O
11. Nxd7 Qxd7 12. axb5 Qxb5 13. bxc4 dxc4 14. Na3 Qa5 15. Bf3 Nd5 16. Bd2 Qc7 17. Qe2 Nd7 18. Qxc4 Qxc4 19. Nxc4 Rfc8 20. Nd6 Rc6
21. c4 Rxd6 22. cxd5 exd5 23. Bb4 Rb6 24. Bxd5 Re8 25. Bd2 Nf6 26. Bf3 Ne4 27. Bxe4 Rxe4 28. Rxa7 Bf8 29. f5 Re8 30. fxg6 hxg6
31. Rfxf7 Rb2 32. Rf2 Rb1+ 33. Rf1 Rb2 34. Bc1 Rb1 35. Bd2 Rb2 36. Bc1 Rb1= 37. Ra6 Kh7 38. Ba3 Rxf1+ 39. Kxf1 Bh6 40. d5 Rxe3
41. Ra7+ Kg8 42. Bc1 Rd3 43. Bxh6 Rxd5 44. Rg7+ Kh8 45. Rxg6 Kh7 46. Rc6 Rh5 47. Bf4
1-0

[Event "Spring Knockout 2008"]
[Site "SchemingMind.com"]
[Date "2008.04.06"]
[Round "-"]
[White "cnbcad"]
[Black "classicalfiddler"]
[Result "1-0"]
[WhiteCountry "USA"]
[BlackCountry "USA"]
[WhiteElo "1635"]
[WhiteRD "50"]
[BlackElo "1448"]
[BlackRD "130"]
[GameID "149362"]

1. d4 d5 2. c4 dxc4 3. Nf3 Nf6 4. e3 e6 5. Bxc4 c5 6. O-O a6 7. dxc5 Qxd1 8. Rxd1 Bxc5 9. b3 O-O 10. Bb2 b5
11. Bxf6 bxc4 12. Bh4 cxb3 13. axb3 Nc6 14. Rc1 Bb4 15. Rxc6 Bb7 16. Rc4 a5 17. Nbd2 Bxd2 18. Nxd2 Ra6 19. Ne4 Bd5 20. Rca4 Bxb3
21. Rd4 h6 22. Nc5
1-0

[Event "Spring Knockout 2008"]
[Site "SchemingMind.com"]
[Date "2008.04.07"]
[Round "-"]
[White "smothered mate"]
[Black "Schaakmaatje"]
[Result "1-0"]
[WhiteCountry "POL"]
[BlackCountry "NED"]
[WhiteElo "1927"]
[WhiteRD "49"]
[BlackElo "1760"]
[BlackRD "46"]
[GameID "149363"]

1. e4 e6 2. c4 d5 3. cxd5 exd5 4. Qb3 dxe4 5. Bc4 Qf6 6. Nc3 Nc6 7. Nd5 Qd6 8. d3 Nd4 9. Bf4 Nxb3 10. Bxd6 Bxd6
11. axb3 c6 12. Nb6 Rb8 13. Rxa7 Bf5 14. d4 Bb4+ 15. Ke2 Ne7 16. Ke3 O-O 17. Ne2 Rfd8 18. Ng3 Bg6 19. h4 Nf5+ 20. Nxf5 Bxf5
21. Rd1 Bd6 22. Be2 Bc7 23. Nc4 h6 24. g4 Bh7 25. b4 Rd5 26. Na5 Bd6 27. Bc4 Bxb4 28. Bxd5 cxd5 29. Rxb7 Rxb7 30. Nxb7 f5
31. g5 hxg5 32. hxg5 Bg6 33. Kf4 Kf7 34. Ke5 Be7 35. Rg1
1-0

[Event "Spring Knockout 2008"]
[Site "SchemingMind.com"]
[Date "2008.04.06"]
[Round "-"]
[White "classicalfiddler"]
[Black "cnbcad"]
[Result "0-1"]
[WhiteCountry "USA"]
[BlackCountry "USA"]
[WhiteElo "1448"]
[WhiteRD "130"]
[BlackElo "1635"]
[BlackRD "50"]
[GameID "149369"]

1. e4 d5 2. exd5 Nf6 3. d4 Nxd5 4. c4 Nb6 5. Nf3 g6 6. h3 Bd7 7. Nc3 Bg7 8. b3 Nc6 9. c5 Nc8 10. Bf4 b6
11. Nd5 e5 12. dxe5 bxc5 13. e6 O-O 14. exd7 Nb6 15. Rc1 Nd4 16. Nxd4 Nxd5 17. Qf3 Nxf4 18. Nc6 Qxd7 19. Qxf4 Qxc6 20. Qf3 Qe6+
21. Be2 Rae8 22. Rc2 Qe5 23. O-O Rd8 24. Re1 Rfe8 25. Kf1 Qh2 26. Qg3 Qh1#
0-1

[Event "Spring Knockout 2008"]
[Site "SchemingMind.com"]
[Date "2008.04.07"]
[Round "-"]
[White "Schaakmaatje"]
[Black "smothered mate"]
[Result "0-1"]
[WhiteCountry "NED"]
[BlackCountry "POL"]
[WhiteElo "1768"]
[WhiteRD "47"]
[BlackElo "1926"]
[BlackRD "48"]
[GameID "149370"]

1. e4 c5 2. Nf3 d6 3. d4 cxd4 4. Nxd4 Nf6 5. Nc3 g6 6. Be2 Bg7 7. O-O O-O 8. Be3 Nc6 9. Qd2 d5 10. Nxc6 bxc6
11. exd5 Nxd5 12. Nxd5 cxd5 13. c3 Bb7 14. Bf3 e6 15. Bh6 Qh4 16. Bg5 Qc4 17. Be2 Qc6 18. Bf3= Ba6 19. Rfe1 Rab8 20. Rab1 Qa4
21. Be7 Rfc8 22. h4 Qxa2 23. Bb4 Qc4 24. Be2 Qc6 25. Bf3 Qa8 26. Bd6 Rb6 27. Be5 Bf8 28. h5 Bb7 29. Qg5 Bg7 30. Bxg7 Kxg7
31. h6+ Kf8 32. Qf6 a5 33. Re5 a4 34. Rbe1 Qa6 35. Qg7+ Ke8 36. Bxd5 Bxd5 37. Rxd5 Rxb2 38. Qh8+ Ke7 39. Qd4 Qc6 40. Ra5 Rb7
41. Rxa4 Qxc3 42. Qe4 Rbc7 43. Rea1 Qc6 44. Qh4+ f6 45. Ra6 Qd5 46. Ra7 Qe5 47. Qb4+ Kf7 48. Qb6 g5 49. Qb1 Kg8 50. Ra8 Qc3
51. Qa2 Kf7 52. Qa6 Qxa1+ 53. Qxa1 Rc1+ 54. Qxc1 Rxc1+ 55. Kh2 Kg6 56. Ra6 Re1
0-1

[Event "Spring Knockout 2008"]
[Site "SchemingMind.com"]
[Date "2008.04.10"]
[Round "-"]
[White "CenturyBugs"]
[Black "TRFz"]
[Result "0-1"]
[WhiteCountry "ENG"]
[BlackCountry "GBR"]
[WhiteElo "2088"]
[WhiteRD "67"]
[BlackElo "2167"]
[BlackRD "55"]
[GameID "149701"]

1. c4 Nf6 2. d4 g6 3. Nf3 Bg7 4. Nc3 d5 5. Bf4 O-O 6. e3 c5 7. dxc5 Qa5 8. Be5 Nbd7 9. Bd4 Nxc5 10. cxd5 Rd8
11. Bxf6 Bxf6 12. Rc1 Be6 13. Bc4 b5 14. Bb3 Nxb3 15. Qxb3 Bxd5 16. Qd1 Bxf3 17. Qxf3 b4 18. Nd1 b3+ 19. Kf1 bxa2 20. Ra1 Qa6+
21. Kg1 Qd3 22. h3 Qb1 23. Rxb1 axb1=Q 24. Kh2 Be5+ 25. g3 Rac8 26. e4 Rd2 27. Ne3 Qxb2 28. Rf1 Rc3 29. Kg1 Bd4 30. Kh1 a5
31. Kg1 a4 32. Kh1 a3 33. e5 a2 34. e6 fxe6 35. Qa8+ Kg7 36. Qd8 Qb7+ 37. Ng2 Rxg3 38. Qxd4+ Rxd4 39. fxg3 Rd2 40. Rg1 Rxg2
41. Rxg2 a1=Q+ 42. Kh2 Qf1 43. Rg1 Qh1+ 44. Rxh1 Qf2#
0-1

[Event "Spring Knockout 2008"]
[Site "SchemingMind.com"]
[Date "2008.04.10"]
[Round "-"]
[White "TRFz"]
[Black "CenturyBugs"]
[Result "1-0"]
[WhiteCountry "GBR"]
[BlackCountry "ENG"]
[WhiteElo "2202"]
[WhiteRD "56"]
[BlackElo "2077"]
[BlackRD "67"]
[GameID "149715"]

1. d4 d5 2. c4 dxc4 3. Nf3 Nf6 4. e3 e6 5. Bxc4 c5 6. O-O a6 7. Qe2 b5 8. Bb3 Bb7 9. Nc3 b4 10. Na4 cxd4
11. exd4 Bd6 12. Nc5 Qc7 13. Nxb7 Qxb7 14. Bg5 Nbd7 15. d5 Nxd5 16. Bxd5 Qxd5 17. Rfd1 Qc6 18. Rac1 Bc5 19. Ne5 Nxe5 20. Qxe5 f6
21. Rxc5 Qxg2+ 22. Kxg2 fxe5 23. Rc7 h6 24. Be7 Kf7 25. Bxb4+ Kf6 26. Rdd7 g5 27. Rf7+ Kg6 28. Bc3 Rhd8 29. Rcd7 Rxd7 30. Rxd7 Kf5
31. Rf7+ Kg6 32. Rf3 g4 33. Re3 Rb8 34. Rxe5 Kf7 35. Kg3 Rd8 36. Kxg4 Rg8+ 37. Kf3 Rd8 38. Ra5 Rd6 39. Ke4 Kg6 40. Ke5 Rc6
41. Bd4 Kf7 42. Rc5 Rb6 43. Rc7+ Kg6 44. Bxb6 Kh5 45. Kxe6 Kg4 46. Rh7 h5 47. Ra7 Kh3 48. Bc7 Kg2 49. Bg3 Kh3 50. Rxa6 h4
51. Ra3 hxg3 52. Rxg3+ Kxh2 53. a4 Kh1 54. a5 Kh2 55. a6 Kh1 56. a7 Kh2 57. b4 Kh1 58. a8=Q+ Kh2 59. Qg2#
1-0

[Event "Spring Knockout 2008"]
[Site "SchemingMind.com"]
[Date "2008.04.11"]
[Round "-"]
[White "nostromo"]
[Black "fouche"]
[Result "1-0"]
[WhiteCountry "GBR"]
[BlackCountry "COL"]
[WhiteElo "1522"]
[WhiteRD "70"]
[BlackElo "1723"]
[BlackRD "70"]
[GameID "149865"]

1. d4 Nf6 2. c4 c5 3. Nc3 g6 4. Nf3 Bg7 5. e3 O-O 6. Bd3 b6 7. b3 Bb7 8. d5 d6 9. O-O Nbd7 10. Bb2 a6
11. Qc2 Rb8 12. Ne4 Ba8 13. Rfe1 b5 14. Rab1 b4 15. Ng3 a5 16. e4 Ng4 17. h3 Nge5 18. Bxe5 Nxe5 19. Nxe5 Bxe5 20. Kh2 h5
21. Qd2 Kg7 22. f4 Bc3 23. Qf2 Bxe1 24. Rxe1 Qd7 25. e5 e6 26. Nxh5+ Kh6 27. Nf6 Rh8 28. Nxd7
1-0

[Event "Spring Knockout 2008"]
[Site "SchemingMind.com"]
[Date "2008.04.11"]
[Round "-"]
[White "fouche"]
[Black "nostromo"]
[Result "1-0"]
[WhiteCountry "COL"]
[BlackCountry "GBR"]
[WhiteElo "1684"]
[WhiteRD "74"]
[BlackElo "1483"]
[BlackRD "67"]
[GameID "149873"]

1. d4 c6 2. Nf3 d5 3. c4 Bf5 4. Nc3 Nf6 5. e3 e6 6. Be2 Bb4 7. Bd2 Ne4 8. O-O Qa5 9. Nxe4 Bxe4 10. Bxb4 Qxb4
11. cxd5 cxd5 12. Qc1 Nc6 13. a3 Qa5 14. b4 Qc7 15. Qb2 O-O 16. Rac1 Qd6 17. Rc3 Bxf3 18. Bxf3 Rac8 19. Rfc1 b5 20. Qc2 Rc7
21. Rxc6 Rxc6 22. Qxc6 Qxc6 23. Rxc6 Rb8 24. Kf1 Kf8 25. e4 Ke8 26. Ke2 Kd7 27. Ra6 Rb7 28. Kd2 f5 29. exf5 exf5 30. Bxd5 Rb6
31. Rxa7+ Kd6 32. Bf3 Ke6 33. Rb7 Rd6 34. d5+ Kf6 35. Rxb5 g5 36. g3 Ke5 37. Kd3 Ra6 38. Ra5 Rd6 39. h3 h5 40. a4 Rb6
41. Kc4 g4 42. hxg4 hxg4 43. Kc5 Rh6 44. Be2 Rd6 45. Bc4 Rf6 46. Ra6 Rf7 47. b5 f4 48. Bd3 fxg3 49. fxg3 Rf3 50. Re6#
1-0

[Event "Spring Knockout 2008"]
[Site "SchemingMind.com"]
[Date "2008.04.12"]
[Round "-"]
[White "jacelov"]
[Black "Tanis"]
[Result "0-1"]
[WhiteCountry "POL"]
[BlackCountry "CHN"]
[WhiteElo "1701"]
[WhiteRD "80"]
[BlackElo "2081"]
[BlackRD "85"]
[GameID "150015"]

1. e4 e6 2. d4 d5 3. Nc3 Bb4 4. Bd3 dxe4 5. Bxe4 Nf6 6. Bf3 O-O 7. Ne2 c5 8. O-O Nc6 9. a3 cxd4 10. axb4 dxc3
11. bxc3 Ne5 12. Nd4 Nxf3+ 13. Qxf3 e5 14. Nb3 Qc7 15. Bg5 Nd7 16. Qg3 f6 17. Be3 Qxc3 18. f4 a6 19. fxe5 Nxe5 20. b5 Re8
21. bxa6 Rxa6 22. Rxa6 bxa6 23. Bf4 Qxc2 24. Bxe5 fxe5 25. Qf3 Be6 26. Nc1 e4 27. Qa3 Bc4 28. Re1 e3 29. h3 Qf2+
0-1

[Event "Spring Knockout 2008"]
[Site "SchemingMind.com"]
[Date "2008.04.12"]
[Round "-"]
[White "Zagloba"]
[Black "JOZIN Z BAZIN"]
[Result "1-0"]
[WhiteCountry "POL"]
[BlackCountry "POL"]
[WhiteElo "1901"]
[WhiteRD "130"]
[BlackElo "1544"]
[BlackRD "60"]
[GameID "150016"]

1. d4 d6 2. e4 g6 3. c4 Bg7 4. Nc3 Nc6 5. Nf3 Bg4 6. Be3 e6 7. h3 Bxf3 8. gxf3 Nge7 9. Qd2= a6 10. O-O-O O-O
11. d5 Bxc3 12. Qxc3 Ne5 13. Bh6 b5 14. Bxf8 Qxf8 15. cxb5 axb5 16. f4 Nc4 17. dxe6 fxe6 18. Bxc4 bxc4 19. Qxc4 Qxf4+ 20. Kb1 d5
21. Qc5 Qxe4+ 22. Ka1 Kf7 23. Qxc7 d4 24. Qc4 Rd8 25. Rhe1 Qf5 26. Rxd4 Rc8 27. Qa4 Nd5 28. Qd7+ Ne7 29. Rd6 Qg5 30. Qxe6+
1-0

[Event "Spring Knockout 2008"]
[Site "SchemingMind.com"]
[Date "2008.04.12"]
[Round "-"]
[White "Tanis"]
[Black "jacelov"]
[Result "1-0"]
[WhiteCountry "CHN"]
[BlackCountry "POL"]
[WhiteElo "2081"]
[WhiteRD "85"]
[BlackElo "1701"]
[BlackRD "80"]
[GameID "150025"]

1. e4 c5 2. Nf3 Nf6 3. Nc3 Nc6 4. Bc4 e6 5. d4 d5 6. exd5 exd5 7. Qe2+ Be7 8. Bb5 O-O 9. O-O Bg4 10. dxc5 Nd4
11. Qd3 Nxf3+ 12. gxf3 Bh3 13. Rd1 Bxc5 14. Ba4 Qb6 15. Be3 Rad8 16. Bxc5 Qxc5 17. Qd4 Qd6 18. Bb3 Rfe8 19. Kh1 Be6 20. Qxa7 Qf4
21. Rd3 d4 22. Ne2 Qh4 23. Bxe6 Rxe6 24. Rxd4 Rxd4 25. Qxd4 Qh5 26. Ng1 h6 27. Rd1 Qb5 28. a3 Qf5 29. c3
1-0

[Event "Spring Knockout 2008"]
[Site "SchemingMind.com"]
[Date "2008.04.12"]
[Round "-"]
[White "JOZIN Z BAZIN"]
[Black "Zagloba"]
[Result "0-1"]
[WhiteCountry "POL"]
[BlackCountry "POL"]
[WhiteElo "1595"]
[WhiteRD "62"]
[BlackElo "1932"]
[BlackRD "178"]
[GameID "150026"]

1. e4 c5 2. Bc4 e6 3. Nf3 Nc6 4. Nc3 a6 5. a3 b5 6. Ba2 g6 7. d4 cxd4 8. Nxd4 Bb7 9. O-O Bg7 10. Be3 Nge7
11. Bg5 Nxd4 12. f4 Qb6 13. Kh1 Nec6 14. e5 Nxe5 15. fxe5 Bxe5 16. Be3 Qc6 17. Rf2 Nf5 18. Bg5 Bxc3 19. bxc3 Qxc3 20. Rxf5 gxf5
21. h3 Qxh3+
0-1

[Event "Spring Knockout 2008"]
[Site "SchemingMind.com"]
[Date "2008.04.16"]
[Round "-"]
[White "Theodoric"]
[Black "Joe Daudish"]
[Result "1-0"]
[WhiteCountry "ENG"]
[BlackCountry "USA"]
[WhiteElo "1973"]
[WhiteRD "65"]
[BlackElo "1758"]
[BlackRD "44"]
[GameID "150198"]

1. e4 e6 2. d4 d5 3. Nc3 dxe4 4. Nxe4 Nd7 5. Nf3 Ngf6 6. Bg5 Be7 7. Nxf6+ Nxf6 8. Bd3 h6 9. Bf4 c5 10. dxc5 Bxc5
11. O-O O-O 12. Qe2 b6 13. Rfd1 Qe7 14. c3 a5 15. Rd2 Bb7 16. a4 Rfd8 17. Rad1 Nd5 18. Be5 f6 19. Bg3 Kh8 20. Be4 f5
21. Ne5 Qf6 22. Bf3 f4 23. Bh4 Qxh4 24. Ng6+
1-0

[Event "Spring Knockout 2008"]
[Site "SchemingMind.com"]
[Date "2008.04.16"]
[Round "-"]
[White "Joe Daudish"]
[Black "Theodoric"]
[Result "0-1"]
[WhiteCountry "USA"]
[BlackCountry "ENG"]
[WhiteElo "1758"]
[WhiteRD "44"]
[BlackElo "1973"]
[BlackRD "65"]
[GameID "150205"]

1. d4 Nf6 2. Nf3 d5 3. Bf4 e6 4. h3 Be7 5. e3 O-O 6. Bd3 Nbd7 7. O-O c5 8. c3 c4 9. Bc2 Qb6 10. b4 a5
11. bxa5 Qb2 12. Nbd2 Qxc3 13. Qb1 Qxa5 14. a4 Bb4 15. Rd1 b6 16. Nf1 Bb7 17. Ne5 Nxe5 18. Bxe5 Ne4 19. Bxe4 dxe4 20. Rc1 c3
21. Ng3 f6 22. Bf4 g5 23. Nxe4 gxf4 24. exf4 f5 25. Ng3 Qd5 26. f3 Qxd4+ 27. Kh1 Qxf4 28. Nf1 Bxf3 29. Qd3 Be4 30. Qg3+ Qxg3
31. Nxg3 Bc6
0-1

[Event "Spring Knockout 2008"]
[Site "SchemingMind.com"]
[Date "2008.04.27"]
[Round "-"]
[White "cnbcad"]
[Black "budi"]
[Result "1/2-1/2"]
[WhiteCountry "USA"]
[BlackCountry "INA"]
[WhiteElo "1558"]
[WhiteRD "49"]
[BlackElo "2024"]
[BlackRD "117"]
[GameID "152250"]

1. e4 c6 2. d4 d5 3. c4 dxe4 4. Nc3 Nf6 5. f3 exf3 6. Nxf3 Bg4 7. h3 Bxf3 8. gxf3 e6 9. Bd2 Bd6 10. f4 Qc7
11. Qf3 Nbd7 12. c5 Be7 13. O-O-O O-O-O 14. Kb1=
1/2-1/2

[Event "Spring Knockout 2008"]
[Site "SchemingMind.com"]
[Date "2008.04.27"]
[Round "-"]
[White "budi"]
[Black "cnbcad"]
[Result "1-0"]
[WhiteCountry "INA"]
[BlackCountry "USA"]
[WhiteElo "2024"]
[WhiteRD "117"]
[BlackElo "1558"]
[BlackRD "49"]
[GameID "152255"]

1. Nf3 d5 2. d4 Nf6 3. c4 dxc4 4. Nc3 c6 5. a4 a6 6. e4 b5 7. axb5 cxb5 8. Nxb5 Bb7 9. e5 axb5 10. Rxa8 Bxa8
11. exf6 exf6 12. Be2 Bxf3 13. Bxf3 Bb4+ 14. Bd2
1-0

[Event "Spring Knockout 2008"]
[Site "SchemingMind.com"]
[Date "2008.05.20"]
[Round "-"]
[White "jake"]
[Black "Theodoric"]
[Result "0-1"]
[WhiteCountry "USA"]
[BlackCountry "ENG"]
[WhiteElo "1042"]
[WhiteRD "85"]
[BlackElo "2011"]
[BlackRD "67"]
[GameID "155494"]

1. e4 e6 2. Bc4 d5 3. exd5 exd5 4. Bb5+ c6 5. Qe2+ Be7 6. Nc3 cxb5 7. Qxb5+ Bd7 8. Qxd5 Nc6 9. Qb5 Nd4 10. Qd3 Bf5
11. Ne4 Rc8 12. f3 Nxc2+ 13. Qxc2 Rxc2 14. b3 Bxe4 15. fxe4 Qd4 16. Nf3 Qxa1 17. Ne5 Qxc1+
0-1

[Event "Spring Knockout 2008"]
[Site "SchemingMind.com"]
[Date "2008.05.20"]
[Round "-"]
[White "Theodoric"]
[Black "jake"]
[Result "1-0"]
[WhiteCountry "ENG"]
[BlackCountry "USA"]
[WhiteElo "2011"]
[WhiteRD "67"]
[BlackElo "1042"]
[BlackRD "85"]
[GameID "155498"]

1. e4 Nf6 2. e5 Ne4 3. d3 Nxf2 4. Kxf2 e6 5. Nf3 Bc5+ 6. d4 Bb4 7. Bd2 Nc6 8. Bxb4 Nxb4 9. Be2 d5 10. Rf1 Qd7
11. Nbd2 b6 12. Kg1 f6 13. c3 Nc6 14. Qc2 Qf7 15. b4 fxe5 16. Bb5 Qf5 17. Bxc6+ Kd8 18. Qxf5 Ba6 19. Qxe6 Rb8 20. Qd7#
1-0

[Event "Spring Knockout 2008"]
[Site "SchemingMind.com"]
[Date "2008.07.12"]
[Round "-"]
[White "Tanis"]
[Black "esteves101"]
[Result "1/2-1/2"]
[WhiteCountry "CHN"]
[BlackCountry "PHI"]
[WhiteElo "2053"]
[WhiteRD "85"]
[BlackElo "2129"]
[BlackRD "63"]
[GameID "162994"]

1. e4 e5 2. Nf3 Nf6 3. d4 Nxe4 4. Bc4 d5 5. Bb3 exd4 6. O-O Bc5 7. Nxd4 O-O 8. Be3 Re8 9. c4 dxc4 10. Bxc4 Bxd4
11. Bxd4 Nc6 12. Be3 Be6 13. Bxe6 Rxe6 14. Qb3 Nd4 15. Bxd4 Qxd4 16. Nc3 Nxc3 17. bxc3 Qe4 18. Rad1 Rae8 19. Rd4 Qc6 20. h3 g6
21. Ra4 b6 22. Rxa7 Re2 23. c4 R8e4 24. Qd3 Qxc4 25. Qd8+ Re8 26. Qxc7 Qxc7 27. Rxc7 Rxa2 28. Rb7 Rb2 29. Ra1 Ree2 30. Rf1 h5
31. g3 Kg7 32. Kg2 Rec2 33. Rb8 Kf6 34. Rb7 b5 35. Kf3 Rb3+ 36. Kg2 b4 37. h4 Ra2 38. Rb6+ Kg7 39. Kg1 Rab2 40. Re1 Rf3
41. Rf1 Rd3 42. Ra1 Rf3 43. Rf1 Rd3 44. Ra1= Rf3 45. Rf1 Rd3
1/2-1/2

[Event "Spring Knockout 2008"]
[Site "SchemingMind.com"]
[Date "2008.07.12"]
[Round "-"]
[White "esteves101"]
[Black "Tanis"]
[Result "1-0"]
[WhiteCountry "PHI"]
[BlackCountry "CHN"]
[WhiteElo "2129"]
[WhiteRD "63"]
[BlackElo "2053"]
[BlackRD "85"]
[GameID "163003"]

1. e4 e6 2. Nf3 d5 3. e5 c5 4. Nc3 d4 5. Ne4 Nd7 6. c3 Nxe5 7. Nxe5 Qd5 8. Bb5+ Ke7 9. d3 Qxe5 10. O-O Nf6
11. Re1 dxc3 12. Nxc3 Qd6 13. Qf3 Kd8 14. Bf4 Qb6 15. Be5 Be7 16. d4 c4 17. a4 a6 18. a5 Qa7 19. Qg3 Bd7 20. Bc7+ Ke8
21. Bxd7+ Nxd7 22. d5 Qc5 23. Ne4 Qxd5 24. Qxg7 Rf8 25. Rad1 Qf5 26. g4 Qg6 27. Qd4 Ne5 28. Bxe5 Rd8 29. Nd6+ Bxd6 30. Bxd6 Rg8
31. h3 Qg5 32. Qxc4 Rg6 33. Qa4+ Qb5 34. Qd4 f6 35. Rxe6+ Kf7 36. Re7+ Kg8 37. Rc1 Qb3 38. Bg3 Rf8 39. Rcc7
1-0